Չորս խոսք Կարպիս Սուրենյանին / (Record no. 224752)
[ view plain ]
| 000 -LEADER | |
|---|---|
| fixed length control field | 00762nam a2200229 a 4500 |
| 001 - CONTROL NUMBER | |
| control field | 000568892 |
| 003 - CONTROL NUMBER IDENTIFIER | |
| control field | AM-YeHGA |
| 005 - DATE AND TIME OF LATEST TRANSACTION | |
| control field | 20250618073327.0 |
| 008 - FIXED-LENGTH DATA ELEMENTS--GENERAL INFORMATION | |
| fixed length control field | 080226s2007 ai r 000 0 arm d |
| 020 ## - INTERNATIONAL STANDARD BOOK NUMBER | |
| International Standard Book Number | 9789993049869 |
| 040 ## - CATALOGING SOURCE | |
| Original cataloging agency | AM-YeHGA |
| 041 0# - LANGUAGE CODE | |
| Language code of text/sound track or separate title | arm |
| 090 ## - LOCALLY ASSIGNED LC-TYPE CALL NUMBER (OCLC); LOCAL CALL NUMBER (RLIN) | |
| -- | 226292 |
| 100 1# - MAIN ENTRY--PERSONAL NAME | |
| Personal name | Տեր- Խաչատրյան, Երվանդ |
| 245 10 - TITLE STATEMENT | |
| Title | Չորս խոսք Կարպիս Սուրենյանին / |
| Statement of responsibility, etc. | Ե. Տեր-Խաչատրյան. |
| 246 11 - VARYING FORM OF TITLE | |
| Title proper/short title | Quatres mots a Karpis Sourenyan |
| 260 ## - PUBLICATION, DISTRIBUTION, ETC. | |
| Place of publication, distribution, etc. | Երևան : |
| Name of publisher, distributor, etc. | Ա. հ., |
| Date of publication, distribution, etc. | 2007. |
| 300 ## - PHYSICAL DESCRIPTION | |
| Extent | 118 էջ ; |
| Dimensions | 16 սմ. |
| 500 ## - GENERAL NOTE | |
| General note | Հեղինակային հրատարակություն |
| 600 14 - SUBJECT ADDED ENTRY--PERSONAL NAME | |
| Personal name | Սուրենյան , Կարպիս |
| 9 (RLIN) | 1749 |
| 650 14 - SUBJECT ADDED ENTRY--TOPICAL TERM | |
| Topical term or geographic name entry element | Հայ գրականագիտություն |
| 9 (RLIN) | 4862 |
| Withdrawn status | Lost status | Damaged status | Not for loan | Collection | Home library | Current library | Date acquired | Cost, normal purchase price | Shelving control number | Total checkouts | Full call number | Barcode | Date last seen | Price effective from | Koha item type | Public note | Source of classification or shelving scheme |
|---|---|---|---|---|---|---|---|---|---|---|---|---|---|---|---|---|---|
| General | Fundamental Scientific Library | Fundamental Scientific Library | 28/12/2016 | 500.00 | AI/20845 | FL0081530 | 28/12/2016 | 28/12/2016 | Գրքեր / Books | 30 Days Loan | |||||||
| General | Fundamental Scientific Library | Fundamental Scientific Library | 28/12/2016 | 500.00 | AI/20846 | FL0081529 | 28/12/2016 | 28/12/2016 | Գրքեր / Books | 30 Days Loan | |||||||
| General | Fundamental Scientific Library | Fundamental Scientific Library | 16/10/2017 | AI/21325 | FL0464689 | 16/10/2017 | 16/10/2017 | Գրքեր / Books | 30 Days Loan | Universal Decimal Classification | |||||||
| General | Fundamental Scientific Library | Fundamental Scientific Library | 16/10/2017 | AI/21326 | FL0464690 | 16/10/2017 | 16/10/2017 | Գրքեր / Books | 30 Days Loan | Universal Decimal Classification |
ՀՀ Գիտությունների ազգային ակադեմիայի հիմնարար գիտական գրադարան = Fundamental Scientific Library of NAS RA
All site content, except where otherwise noted, is licensed under a